Online Catalogue and eLibrary

Aathi Bhagavan (Record no. 5997)

MARC details
000 -LEADER
fixed length control field 00350nam a22001457a 4500
005 - DATE AND TIME OF LATEST TRANSACTION
control field 20250320080704.0
008 - FIXED-LENGTH DATA ELEMENTS--GENERAL INFORMATION
fixed length control field 250320b |||||||| |||| 00| 0 eng d
082 ## - DDC Classification
DDC Edition Number 22
Class No. 891
Item Number - Author Mark AAT
100 ## - MAIN ENTRY--PERSONAL NAME
Personal name Murugaiyan. R
245 ## - TITLE STATEMENT
Title Aathi Bhagavan
260 ## - PUBLICATION, DISTRIBUTION, ETC.
Place of publication, distribution, etc. Chavakachcheri
Name of publisher, distributor, etc. Arivazhaku Pathippakam
Date of publication, distribution, etc. 1978
300 ## - PHYSICAL DESCRIPTION
Extent (e.g. Volumes, Pages etc.) 36 p .,
650 ## - SUBJECT ADDED ENTRY--TOPICAL TERM
Topical term or geographic name entry element Poems
942 ## - Koha item type (Biblio)
Koha item type Books in Stacks (Lending)
Holdings
Lost status Damaged status Collection code Home library Current library Date acquired Full call number Accession Number Item type
    Lending WERC Library WERC Library 03/20/2025 891 AAT 4515 Books in Stacks (Lending)

© WERC Library